Регионална библиотека "Любен Каравелов" - Русе

Контрол върху съзнанието (Запис номер 105804)

MARC детайли
000 -Лидер
Контролно поле с фиксирана дължина 01710nam a2200409 c 4500
003 - Код на организацията, давaща контролен номер
Контролно поле BLK
005 - Дата и час на последна редакция
Контролно поле 20231222143924.0
008 - Елементи от данни с фиксирана дължина
fixed length control field 180409b bul|||||r ||||||| ||bul||
010 ## - Наследен системен номер
LC control number KNG00111041000
020 ## - Международен стандартен номер на книга ISBN
Международен стандартен номер на книга ISBN 954-771-063-Х
-- издат.: Кръгозор
040 ## - Източник на каталожния запис
Идентификатор на билиотеката - собственик на записа BLK
041 ## - Код за език
Код за езика на текст/звукозапис или на отделно заглавие Български
Код за езика КДБФ Български
080 ## - УДК
Текстов определител УДК Шпионаж. Политическо влияние чрез тайни (разузнавателни) служби
УДК код - определител по УДК 327.84
УДК определител (73)
УДК - код + определител 327.84(73)
080 ## - УДК
Текстов определител УДК Психология
УДК код - определител по УДК 159.9
УДК определител (73)
УДК - код + определител 159.9(73)
100 1# - Редна дума - Автор
Автор Викториян, Армен
Авторска отговорност първи автор
R(LIN) 48062
139 ## - Редно поле
Редна дума Викториян, Армен
Авторски знак Виз - В 58
245 10 - Сведения за заглавието
Заглавие Контрол върху съзнанието
Редно поле (дума) Армен Викториян; прев. от англ. Пенка Стефанова; консултант Илия Налбантов.
257 ## - Страна на издаване
Страна на създаване/издаване Великобритания
260 ## - Област на издателските данни
-- София
Име на издателя, разпространителя и проч. Кръгозор
Година на издаване 2004
300 ## - Физическа характеристика
Страници 216 с.
Размери/Мащаб 21 см
380 ## - Жанр
Жанр Обществени науки
500 ## - Общи забележки
Забележка Ориг. загл. Mild controllers / Ar;en Victorian. - Библиогр. 214-215
504 ## - Забележка за наличие на библиография и др
Забележка за наличие на библиография и под. 214-215
650 #4 - Допълнително описание по предмет – тема
Основно описание – тема или топоним Психични процеси
9 (RLIN) 261643
650 #4 - Допълнително описание по предмет – тема
Основно описание – тема или топоним Разузнаване
9 (RLIN) 168859
650 #4 - Допълнително описание по предмет – тема
Основно описание – тема или топоним Психология, експериментална
9 (RLIN) 267613
653 ## - Ключова дума – ненормативна
Ключова дума разузнаване
653 ## - Ключова дума – ненормативна
Ключова дума психика
700 1# - Други автори (авторска отговорност)
Лично име Стефанова, Пенка
Автороска отговорност (Описва отношението между автора и произведението) прев. от англ.
9 (RLIN) 364745
700 1# - Други автори (авторска отговорност)
Лично име Налбантов, Илия
Автороска отговорност (Описва отношението между автора и произведението) консултант
9 (RLIN) 310392
852 ## - Местоположение
Форматна сигнатура Цб 218072
856 4# - Електронен адрес и достъп
Електронен формат pdf - файл
Път до файла /url/
856 4# - Електронен адрес и достъп
Електронен формат pdf - файл
Път до файла /url/
942 ## - АРТИКУЛИ
Вид на библиотечния материал Книги
Скрит в OPAC Не
Koha issues (borrowed), all copies 2
944 ## - СЪЗДАВАНЕ И РЕДАКЦИЯ на ЗАПИСА
Създаване/Редакция Създаване
Дата на регистрацията/редакция 16.02.2004
Служител, извършил регистрацията/редакцията 30531
Статус, дата на статуса Цветелина Шанова
944 ## - СЪЗДАВАНЕ И РЕДАКЦИЯ на ЗАПИСА
Създаване/Редакция Редакция
Дата на регистрацията/редакция 16.03.2007
Служител, извършил регистрацията/редакцията
999 ## - СИСТЕМНИ КОНТРОЛНИ НОМЕРА
Koha biblionumber 105804
Koha biblioitemnumber 105804
Наличности
Код за отписване Код за изгубен артикул Код за повреда Коз за рестрикции Код за отдаване Артикулен № Име на библиотеката - собственик Име на библиотеката, в която се намира в момента Статус (Текущо местоположение) Дата на вписване в системата Местоположение - отдел Цена в лева Инвентарен номер Систематично азбучна сигнатура Баркод Номер на екземпляра Цена в евро Служебна бележка Служебен тип на артикула
  Не е изгубен Не е повреден без рестрикции заемане за дома 170752 Регионална библиотека "Любен Каравелов" Русе Регионална библиотека "Любен Каравелов" Русе Заемна - подръчен фонд 2004-02-16 Заемна - подръчен фонд 7.00 120000682712 П 327.8/В 58 120000682712 1 3.58 Дост: Pk Вид: Ф N: 8860 Дата: 11.02.2004 Дата инв: 06.02.2018 Бележки инв: П2018 Книги
  Не е изгубен Не е повреден без рестрикции ползва се в читалня 170753 Регионална библиотека "Любен Каравелов" Русе Регионална библиотека "Любен Каравелов" Русе Хранилище 2007-03-14 Хранилище 7.00 120000711094 Цб 218072 120000711094 2 3.58 Дост: Dp Вид: Д N: 27 Дата: 14.06.2006 Книги
Vip Innovations Ltd, Rousse, Bulgaria 2025